[Event "South Island Championship 2017"]
[Site "Dunedin, NZL"]
[Date "2017.10.11"]
[Round "1.1"]
[White "Duffield, Terence"]
[Black "Lukey, Stephen G"]
[Result "0-1"]
[WhiteElo "1755"]
[BlackElo "2188"]
[EventDate "2017.10.11"]

1.c4 Nf6 2.Nc3 g6 3.g3 Bg7 4.Bg2 O-O 5.Rb1 e5 6.b4 Re8 7.e3 d6 8.d3 c6 9.
Bd2 d5 10.Nge2 d4 11.Ne4 Nxe4 12.Bxe4 Bh3 13.Rg1 f5 14.Bg2 Bxg2 15.Rxg2 e4
16.Qb3 exd3 17.Nf4 dxe3 18.fxe3 Nd7 19.c5+ Kh8 20.Ne6 Qe7 21.Nxg7 Kxg7 22.
Qxd3 Ne5 23.Qc3 Rad8 24.Kf1 Rd3 25.Qb2 Kg8 26.a3 Qe6 27.Re1 Nf3 28.Rd1 Qc4
29.Kf2 Red8 30.Kxf3 Qg4+ 31.Kf2 Qxd1 32.Qa2+ Kf8 0-1

[Event "South Island Championship 2017"]
[Site "Dunedin, NZL"]
[Date "2017.10.11"]
[Round "1.2"]
[White "Rains, Edward"]
[Black "Black, Ross"]
[Result "1-0"]
[WhiteElo "2053"]
[BlackElo "1786"]
[EventDate "2017.10.11"]

1.e4 e5 2.Nf3 Nc6 3.d4 exd4 4.Bc4 Bb4+ 5.c3 dxc3 6.bxc3 Qe7 7.cxb4 Qxe4+ 
8.Be2 Nf6 9.O-O O-O 10.a3 d6 11.Nc3 Qe7 12.Bg5 h6 13.Nd5 Qe6 14.Bxf6 gxf6 
15.Nxc7 Qe7 16.Nxa8 Bg4 17.Nd4 Bxe2 18.Qxe2 Qd7 19.Rad1 Rxa8 20.Qh5 Nxd4 
21.Rxd4 Re8 22.Qxh6 1-0

[Event "South Island Championship 2017"]
[Site "Dunedin, NZL"]
[Date "2017.10.11"]
[Round "1.3"]
[White "Gold, Hamish"]
[Black "Johnson, Quentin J F"]
[Result "0-1"]
[WhiteElo "1726"]
[BlackElo "2031"]
[EventDate "2017.10.11"]

1.d4 Nf6 2.Nf3 e6 3.e3 c5 4.c3 Nc6 5.Bd3 d5 6.Nbd2 Bd6 7.O-O O-O 8.e4 cxd4
9.cxd4 Nb4 10.Bb1 dxe4 11.Nxe4 Be7 12.Bd2 Nbd5 13.Qe2 b6 14.Bd3 Bb7 15.
Rac1 Rc8 16.Rxc8 Qxc8 17.Rc1 Qb8 18.Ne5 Nxe4 19.Qxe4 f5 20.Qe2 Qd6 21.Nc4 
Qd7 22.Ne5 Qd6 23.Bb5 Nc7 24.Bc6 Ba6 25.Qe3 Rd8 26.Bc3 Bf6 27.Ba4 Nd5 28.
Qg3 Nxc3 29.bxc3 Qa3 30.Re1 Qxa4 31.h4 Bc4 32.h5 Bxe5 33.Qxe5 h6 34.Qc7 
Rd7 35.Qc8+ Kf7 36.Rb1 Re7 37.Re1 Bd5 38.Qb8 Qxa2 39.Qg3 Qd2 40.Qg6+ Kg8 
41.Re3 Qd1+ 42.Kh2 Qg4 0-1

[Event "South Island Championship 2017"]
[Site "Dunedin, NZL"]
[Date "2017.10.11"]
[Round "1.4"]
[White "Cummings, Nick"]
[Black "Clarkson, Robert"]
[Result "1-0"]
[WhiteElo "2096"]
[BlackElo "1573"]
[EventDate "2017.10.11"]

1.Nc3 Nf6 2.Nf3 e6 3.d4 d5 4.Bf4 c6 5.e3 h6 6.Bd3 Bb4 7.O-O Bxc3 8.bxc3 
O-O 9.Ne5 Nbd7 10.Qf3 Qe7 11.g4 Ne4 12.Bxe4 dxe4 13.Qxe4 Nf6 14.Qf3 Bd7 
15.g5 Nd5 16.gxh6 g6 17.c4 Nxf4 18.Qxf4 Kh7 19.Nxd7 Qxd7 20.Qf6 Kxh6 21.
Rab1 b6 22.Rb3 Qd8 23.Qxd8 Raxd8 24.a4 Rd7 25.Ra1 Rb8 26.a5 b5 27.a6 Rb6 
28.c5 Rb8 29.c4 Rdd8 30.Rab1 Rdc8 31.cxb5 cxb5 32.Rxb5 Rxb5 33.Rxb5 Rc6 
34.Rb7 Rxa6 35.Rxf7 Ra1+ 36.Kg2 a5 37.Re7 a4 38.Rxe6 a3 39.Ra6 a2 40.c6 
Rc1 41.Rxa2 Rxc6 42.Ra5 Rf6 43.d5 1-0

[Event "South Island Championship 2017"]
[Site "Dunedin, NZL"]
[Date "2017.10.11"]
[Round "1.5"]
[White "Murdoch, Stephen"]
[Black "Christie, Richie"]
[Result "0-1"]
[WhiteElo "1504"]
[BlackElo "1892"]
[EventDate "2017.10.11"]

1.d4 d5 2.Nf3 c6 3.e3 f5 4.g3 Nf6 5.Bg2 e6 6.Nbd2 Bd6 7.O-O O-O 8.b3 Ne4 
9.Bb2 Nd7 10.c4 Qf6 11.Qc2 Qh6 12.Ne5 Bxe5 13.dxe5 b6 14.cxd5 exd5 15.f4 
Bb7 16.b4 Nxd2 17.Qxd2 Qe6 18.Rac1 Kh8 19.Rfd1 b5 20.Bd4 Nb6 21.Bc5 Rfc8 
22.Rc2 Nc4 23.Qc3 a5 24.a3 axb4 25.axb4 Ra3 26.Qe1 Rca8 27.Rc3 Ra2 28.Bf1 
Qh6 29.h4 Qg6 30.Be2 Rb2 31.Bxc4 bxc4 32.Rd2 Rxd2 33.Qxd2 Qxg3+ 0-1

[Event "South Island Championship 2017"]
[Site "Dunedin NZL"]
[Date "2017.10.11"]
[Round "1.6"]
[White "Picken, Oliver"]
[Black "De Briey, Aurian"]
[Result "1-0"]
[WhiteElo "1949"]
[BlackElo "1540"]
[EventDate "2017.10.11"]

1.e4 c6 2.Bc4 d5 3.Bb3 e5 4.Nf3 f6 5.O-O dxe4 6.Nxe5 Nh6 7.d3 Bd6 8.Bxh6 
Bxe5 9.Bxg7 Bxb2 10.Bxh8 Bxa1 11.c3 Qe7 12.dxe4 Be6 13.Qh5+ Bf7 14.Qxh7 
Bxb3 15.Qxe7+ Kxe7 16.axb3 Kf7 17.e5 Nd7 18.Bxf6 Nxf6 19.exf6 Re8 20.Rd1 
Kxf6 21.Kf1 b5 22.Rd6+ Kf7 23.Rxc6 Rd8 24.Ke2 Re8+ 25.Kd2 Rd8+ 26.Kc2 a5 
27.Ra6 b4 28.Rxa5 Bxc3 29.Nxc3 bxc3 30.Kxc3 Rh8 31.h3 Rg8 32.g3 Ke6 33.h4 
Rf8 34.f4 Rc8+ 35.Kb2 Rg8 36.Rg5 Rd8 37.h5 Kf6 38.g4 Rd2+ 39.Ka3 Rf2 40.
Rg6+ Kf7 41.f5 Rf4 42.b4 1-0

[Event "South Island Championship 2017"]
[Site "Dunedin NZL"]
[Date "2017.10.11"]
[Round "1.8"]
[White "Brockway, Andrew"]
[Black "Lough, Max"]
[Result "1-0"]
[WhiteElo "1899"]
[BlackElo "1528"]
[EventDate "2017.10.11"]

1.e4 c6 2.d4 d5 3.exd5 cxd5 4.Bd3 Nc6 5.c3 Nf6 6.Bf4 Bg4 7.Qb3 Qb6 8.Qxb6 
axb6 9.Nd2 e6 10.Ngf3 Be7 11.O-O O-O 12.Rfe1 Rfe8 13.Ne5 Nh5 14.Be3 Nf6 
15.Nxg4 Nxg4 16.Bf4 Bf6 17.Nf3 e5 18.dxe5 Ngxe5 19.Nxe5 Nxe5 20.Bb5 Nc6 
21.Be3 g6 22.a4 d4 23.cxd4 Bxd4 24.Bxd4 Rxe1+ 25.Rxe1 Nxd4 26.Re8+ Rxe8 
27.Bxe8 Nb3 28.Bb5 f6 29.Bc4+ 1-0

[Event "South Island Championship 2017"]
[Site "Dunedin NZL"]
[Date "2017.10.11"]
[Round "1.9"]
[White "Beneke, Carel"]
[Black "Punsalan, Vyanla M"]
[Result "0-1"]
[WhiteElo "1500"]
[BlackElo "1896"]
[EventDate "2017.10.11"]

1.e4 c5 2.c3 Nf6 3.e5 Nd5 4.Bc4 Nc7 5.Nf3 e6 6.d4 b5 7.Bd3 Bb7 8.Qe2 a6 9.
Be3 c4 10.Bc2 d6 11.Bg5 Be7 12.exd6 Qxd6 13.Bxe7 Qxe7 14.Nbd2 Nd5 15.Be4 
Nf4 16.Qf1 Bxe4 17.Nxe4 Nd3+ 18.Kd2 Nc6 19.g3 b4 20.Nc5 Nxc5 21.dxc5 Qxc5 
22.Rd1 Rb8 23.Nd4 bxc3+ 24.bxc3 Rb2+ 25.Nc2 Qf5 26.Ke3 Rxc2 27.Qxc4 Qxf2+ 
0-1

[Event "South Island Championship 2017"]
[Site "Dunedin NZL"]
[Date "2017.10.11"]
[Round "1.11"]
[White "Heperi, Dallin"]
[Black "Sarfas, Edward"]
[Result "1-0"]
[WhiteElo "1557"]
[BlackElo "1843"]
[EventDate "2017.10.11"]

1.e4 e5 2.Bc4 Nf6 3.Qe2 d6 4.c3 Be7 5.f4 Nc6 6.Nf3 O-O 7.Bb3 Bg4 8.d3 d5 
9.f5 dxe4 10.dxe4 Bc5 11.Bg5 Qd6 12.Nbd2 Na5 13.Bc2 Bb6 14.O-O-O Qe7 15.h3
Bxf3 16.gxf3 h6 17.Bh4 Rad8 18.Nf1 Rxd1+ 19.Bxd1 Qd6 20.Ne3 Nh5 21.Nd5 Nf4
22.Nxf4 exf4 23.e5 Be3+ 24.Qxe3 fxe3 25.exd6 cxd6 26.Be2 Nc6 27.Rd1 Rc8 
28.Rxd6 f6 29.Bg3 Ne7 30.Bd3 Rc5 31.Re6 Nd5 32.Bd6 Rc8 33.Kd1 a6 34.Bc2 
Nb6 35.Bb3 Kh7 36.Ba3 Rd8+ 37.Ke2 Nd5 38.Bxd5 Rxd5 39.Rb6 Rxf5 40.Rxb7 Rg5
41.h4 Rg2+ 42.Kxe3 Kg8 43.Bd6 g5 44.hxg5 Rxg5 45.Bf4 Rg6 46.Rb6 Kg7 47.
Rxa6 Rg2 48.b4 h5 49.Ra7+ Kg6 50.a4 1-0

[Event "South Island Championship 2017"]
[Site "Dunedin, NZL"]
[Date "2017.10.11"]
[Round "2.1"]
[White "Lukey, Stephen G"]
[Black "Brockway, Andrew"]
[Result "1-0"]
[WhiteElo "2188"]
[BlackElo "1716"]
[EventDate "2017.10.11"]

1.d4 Nf6 2.c4 e6 3.Nf3 Bb4+ 4.Nbd2 Nc6 5.a3 Bxd2+ 6.Bxd2 h6 7.Bf4 d6 8.h3 
Qe7 9.Bh2 a5 10.e3 e5 11.d5 Nb8 12.b4 Na6 13.Be2 Bd7 14.O-O O-O 15.Qb3 b6 
16.Rfd1 Nh7 17.c5 a4 18.cxd6 cxd6 19.Qa2 Nc7 20.Rac1 Nb5 21.Rd2 Ng5 22.
Rdc2 Nxf3+ 23.Bxf3 Bf5 24.Rc6 Rfc8 25.Qb2 Rxc6 26.dxc6 Nc7 27.Qd2 Rc8 28.
Be2 Kf8 29.Bg3 f6 30.f3 Rd8 31.e4 Be6 32.Bf2 Rb8 33.b5 Bb3 34.Qb2 Ne8 35.
Be1 Qc7 36.Bb4 Ke7 37.Bd1 Bxd1 38.Rxd1 Ra8 39.Qd2 Rd8 40.f4 Qb8 41.Rf1 Qc8
42.Qf2 f5 43.fxe5 Qe6 44.exf5 1-0

[Event "South Island Championship 2017"]
[Site "Dunedin, NZL"]
[Date "2017.10.11"]
[Round "2.2"]
[White "Dolejs, Dan"]
[Black "Rains, Edward"]
[Result "0-1"]
[WhiteElo "1733"]
[BlackElo "2053"]
[EventDate "2017.10.11"]

1.e4 c5 2.Nf3 g6 3.d4 cxd4 4.c3 Bg7 5.cxd4 d5 6.e5 Bg4 7.Nc3 Nc6 8.Bb5 a6 
9.Be2 Bxf3 10.Bxf3 e6 11.O-O Qb6 12.Be3 Qxb2 13.Na4 Qa3 14.Nc5 Ra7 15.Rb1 
b5 16.Bxd5 exd5 17.e6 f5 18.Re1 Nf6 19.Nd7 Nxd7 20.exd7+ Kf7 21.Qc2 Qd6 
22.Rbc1 Na5 23.g3 Nc4 24.a4 Qxd7 25.axb5 axb5 26.Bg5 Re8 27.Red1 Re4 28.f3
Re6 29.g4 Qe8 30.gxf5 Re2 31.Qb1 Raa2 32.fxg6+ hxg6 33.Re1 Rg2+ 34.Kh1 
Rxh2+ 35.Kg1 Bxd4+ 0-1

[Event "South Island Championship 2017"]
[Site "Dunedin, NZL"]
[Date "2017.10.11"]
[Round "2.3"]
[White "Johnson, Quentin J F"]
[Black "Jellyman, Riley"]
[Result "0-1"]
[WhiteElo "2031"]
[BlackElo "1797"]
[EventDate "2017.10.11"]

1.d4 Nf6 2.c4 e6 3.Nf3 b6 4.a3 Bb7 5.Nc3 Be7 6.Qc2 d5 7.cxd5 exd5 8.Bg5 
O-O 9.e3 c5 10.Bd3 h6 11.Bf4 Nc6 12.O-O Rc8 13.Bf5 Ra8 14.dxc5 bxc5 15.
Rfd1 Qb6 16.Rac1 c4 17.e4 dxe4 18.Nxe4 Nxe4 19.Bxe4 Bf6 20.Rd6 Rfd8 21.
Rxf6 gxf6 22.Bxh6 Nd4 23.Nxd4 Rxd4 24.Bh7+ Kh8 25.Be3 Qc6 26.f3 Rh4 27.Be4
Qc7 28.Bxb7 Qxb7 29.Bd4 Rxd4 0-1

[Event "South Island Championship 2017"]
[Site "Dunedin, NZL"]
[Date "2017.10.11"]
[Round "2.4"]
[White "Punsalan, Vyanla M"]
[Black "Cummings, Nick"]
[Result "1-0"]
[WhiteElo "1892"]
[BlackElo "2096"]
[EventDate "2017.10.11"]

1.e4 c6 2.d4 d5 3.e5 c5 4.dxc5 Nc6 5.Nf3 Bg4 6.Be2 e6 7.Nbd2 Bxc5 8.a3 
Nge7 9.b4 Bb6 10.Bb2 Ng6 11.h3 Bxf3 12.Nxf3 O-O 13.Bd3 Nf4 14.g3 Nxd3+ 15.
Qxd3 Rc8 16.Rd1 Qe7 17.Kf1 Nb8 18.h4 Qc7 19.Rd2 Nd7 20.h5 h6 21.Rh4 Rfd8 
22.Re2 a5 23.Rf4 axb4 24.axb4 Nf8 25.g4 Qe7 26.Bc1 Rd7 27.g5 Rdc7 28.gxh6 
Rc3 29.Qb5 Bd8 30.Bd2 R3c4 31.hxg7 Kxg7 32.Rf6 Qd7 33.h6+ Kg8 34.h7+ Kg7 
35.Qxd7 Nxd7 36.Rxf7+ Kh8 37.Rxd7 R4c7 38.Rxc7 1-0

[Event "South Island Championship 2017"]
[Site "Dunedin, NZL"]
[Date "2017.10.11"]
[Round "2.6"]
[White "Weng, Xintong (Winston)"]
[Black "Picken, Oliver"]
[Result "1-0"]
[WhiteElo "1423"]
[BlackElo "1810"]
[EventDate "2017.10.11"]

1.c4 b6 2.Nc3 Bb7 3.e4 e6 4.g3 f5 5.d3 Bb4 6.Bg2 Nf6 7.Bg5 Bxc3+ 8.bxc3 h6
9.Bxf6 Qxf6 10.Ne2 fxe4 11.dxe4 O-O 12.O-O e5 13.f4 d6 14.fxe5 Qxe5 15.
Rxf8+ Kxf8 16.Qd4 Nd7 17.Qxe5 Nxe5 18.Nd4 Ke7 19.Nf5+ Kf6 20.Rf1 Kg6 21.
Ne3 Ba6 22.Bh3 Kh7 23.Be6 Re8 24.Bf5+ g6 25.Bd7 Re7 26.Bb5 Bb7 27.Nd5 Rf7 
28.Rxf7+ Nxf7 29.Nxc7 Bxe4 30.Ba4 Bd3 31.Bb3 Ne5 32.Nb5 Nxc4 33.Nxa7 Na5 
34.Nc8 Nc4 35.Bxc4 Bxc4 36.a3 b5 37.Nxd6 Bd3 38.Kf2 Kg7 39.Ke3 Bf1 40.Kd4 
Kf6 41.Kc5 Kg5 42.Nxb5 Kg4 43.a4 Kh3 44.a5 Kxh2 45.a6 Kxg3 46.a7 Bg2 47.
Nd4 Ba8 48.Ne6 h5 49.Nc7 Bb7 50.Kb6 Bf3 51.c4 h4 52.Nd5 h3 53.a8=Q h2 54.
Qb8+ Kg2 55.Ne3+ Kh3 56.Qh8+ Bh5 57.Qa8 Kg3 58.Nf1+ 1-0

[Event "South Island Championship 2017"]
[Site "Dunedin NZL"]
[Date "2017.10.11"]
[Round "2.7"]
[White "Sarfas, Edward"]
[Black "Murdoch, Stephen"]
[Result "0-1"]
[WhiteElo "1843"]
[BlackElo "1598"]
[EventDate "2017.10.11"]

1.e4 c6 2.d4 d5 3.e5 Bf5 4.Bd3 e6 5.Bxf5 exf5 6.Nf3 Ne7 7.O-O h6 8.Qe2 Na6
9.Re1 Nc7 10.Nbd2 Ne6 11.Nb3 Ng6 12.Qd3 f4 13.Bd2 Qd7 14.c4 O-O-O 15.Ba5 
Re8 16.Rac1 Ng5 17.cxd5 Qxd5 18.Qf5+ Qe6 19.Qxe6+ fxe6 20.Nfd2 Ne7 21.Na1 
Nd5 22.Nc2 Nf7 23.Ne4 Kb8 24.Bd2 g5 25.a3 Be7 26.Na1 g4 27.Nb3 h5 28.Nbc5 
Bxc5 29.Rxc5 h4 30.b4 f3 31.gxf3 gxf3 32.Kh1 Reg8 33.Rg1 Rxg1+ 34.Kxg1 
Rg8+ 35.Kh1 Rg4 36.Nf6 Rxd4 37.Rc2 Nxe5 38.h3 Nxf6 39.Be3 Rd1+ 40.Kh2 Ng6 
41.Bg5 Nd5 42.Rb2 e5 43.a4 Rd4 44.Rb3 e4 45.b5 Rb4 46.Rxb4 Nxb4 47.Kg1 
cxb5 48.axb5 a5 49.bxa6 bxa6 50.Kf1 Nd3 51.Bd8 Kb7 0-1

[Event "South Island Championship 2017"]
[Site "Dunedin NZL"]
[Date "2017.10.11"]
[Round "2.8"]
[White "De Briey, Aurian"]
[Black "Duffield, Terence"]
[Result "1/2-1/2"]
[WhiteElo "1540"]
[BlackElo "1820"]
[EventDate "2017.10.11"]

1.d4 Nf6 2.c4 e6 3.Nc3 Bb4 4.e3 c5 5.Nf3 cxd4 6.exd4 Bxc3+ 7.bxc3 O-O 8.
Bd3 d6 9.Bf4 b6 10.O-O Bb7 11.Re1 Re8 12.Ng5 h6 13.Ne4 Nxe4 14.Bxe4 Bxe4 
15.Rxe4 f5 16.Re1 Qc7 17.Qb3 g5 18.Qb5 Nd7 19.Bd2 a6 20.Qb3 1/2-1/2

[Event "South Island Championship 2017"]
[Site "Dunedin NZL"]
[Date "2017.10.11"]
[Round "2.9"]
[White "Black, Ross"]
[Black "Lukey, Bryce"]
[Result "1-0"]
[WhiteElo "1790"]
[BlackElo "1538"]
[EventDate "2017.10.11"]

1.e4 c6 2.Nc3 d5 3.exd5 cxd5 4.d4 Nc6 5.Nf3 Nf6 6.Be2 Bf5 7.a3 h6 8.O-O e6
9.Re1 Bd6 10.Ne5 Bxe5 11.dxe5 Nxe5 12.Bb5+ Nc6 13.Be3 O-O 14.Bxc6 bxc6 15.
Bd4 Re8 16.f3 Nd7 17.g4 Bh7 18.f4 Qc7 19.Qd2 c5 20.Be5 Nxe5 21.fxe5 d4 22.
Nb5 Qc6 23.Nd6 Red8 24.g5 hxg5 25.Qxg5 Bxc2 26.Rf1 Rxd6 27.exd6 Qxd6 28.
Qg2 Rd8 29.Qxc2 d3 30.Qd2 e5 31.Rac1 Qd4+ 32.Qf2 Qg4+ 33.Kh1 Qd7 34.Rxc5 
e4 35.Rcc1 d2 36.Rcd1 Qd5 37.Qe3 1-0

[Event "South Island Championship 2017"]
[Site "Dunedin NZL"]
[Date "2017.10.11"]
[Round "2.10"]
[White "Lough, Max"]
[Black "Gold, Hamish R"]
[Result "0-1"]
[WhiteElo "1528"]
[BlackElo "1756"]
[EventDate "2017.10.11"]

1.e4 d6 2.d4 g6 3.Nf3 Bg7 4.h3 Nf6 5.Nc3 O-O 6.Bd3 Nc6 7.Bf4 Nh5 8.Be3 h6 
9.Qd2 Kh7 10.O-O-O f5 11.exf5 Bxf5 12.Bxf5 gxf5 13.a3 e6 14.Kb1 Nf6 15.Ne1
Na5 16.Qe2 d5 17.Nd3 Nc4 18.Ne5 Nxe3 19.Qxe3 Qe8 20.f4 Ne4 21.Nxe4 fxe4 
22.Rdf1 b5 23.g4 a5 24.Qc3 Bxe5 25.fxe5 Qe7 26.Rxf8 Rxf8 27.Qxa5 c6 28.Qb4
Qxb4 29.axb4 Kg6 30.Kc1 Kg5 31.Kd1 Rf2 32.Re1 Rf3 33.Kd2 Rxh3 34.Rf1 Rf3 
35.Rh1 Rf4 36.Rh5+ Kg6 37.Rh4 Rf2+ 38.Kd1 e3 39.Rh3 Rd2+ 40.Kc1 Rxd4 41.
Rxe3 Rxg4 42.Rf3 Kg7 43.Rc3 Rc4 44.Rg3+ Kf7 45.Rf3+ Ke7 46.Rh3 Re4 47.Rxh6
Rxe5 48.c3 Rf5 49.Rh7+ Kf6 50.Rh8 Ke7 51.Rc8 Kd7 52.Rh8 Rf7 53.Ra8 Kd6 54.
Rd8+ Rd7 55.Rh8 e5 56.Rh6+ Kc7 57.Re6 e4 58.Kc2 Rf7 59.Kc1 Kd7 60.Rh6 e3 
61.Rh3 Rf1+ 62.Kc2 e2 0-1

[Event "South Island Championship 2017"]
[Site "Dunedin NZL"]
[Date "2017.10.11"]
[Round "2.11"]
[White "Clarkson, Robert D"]
[Black "Beneke, Carel"]
[Result "1-0"]
[WhiteElo "1631"]
[BlackElo "1500"]
[EventDate "2017.10.11"]

1.a3 e5 2.e4 Nf6 3.d3 Bc5 4.Bg5 d6 5.h3 h6 6.Bh4 Be6 7.Nf3 Nbd7 8.Nbd2 c6 
9.Be2 Rc8 10.O-O Qc7 11.Bg3 Nh5 12.Bh2 O-O 13.Nxe5 Nxe5 14.Bxh5 d5 15.Nf3 
Bd6 16.Nd4 Qd7 17.f4 Bc5 18.c3 dxe4 19.fxe5 Bxd4+ 20.cxd4 Qxd4+ 21.Rf2 e3 
22.Re2 Rcd8 23.Rc1 Bf5 24.Qe1 Bxd3 25.Rxe3 Qxb2 26.Qc3 Qb6 27.Re1 g6 28.
Bd1 Rd4 29.Kh1 Rfd8 30.Bg1 Qa6 31.e6 Rf4 32.exf7+ Rxf7 33.Re8+ Rf8 34.Bb3+
1-0

[Event "South Island Championship 2017"]
[Site "Dunedin, NZL"]
[Date "2017.10.12"]
[Round "3.1"]
[White "Jellyman, Riley"]
[Black "Lukey, Stephen G"]
[Result "1/2-1/2"]
[WhiteElo "1797"]
[BlackElo "2188"]
[EventDate "2017.10.12"]

1.e4 e6 2.d4 d5 3.Nd2 Nf6 4.e5 Nfd7 5.Bd3 c5 6.c3 Nc6 7.Ne2 cxd4 8.cxd4 f6
9.exf6 Nxf6 10.Nf3 Bd6 11.O-O Qc7 12.Bg5 O-O 13.Rc1 Ng4 14.Ng3 g6 15.b4 
Qg7 16.h3 Nxf2 17.Kxf2 Qxd4+ 18.Ke2 Qxb4 19.Nh1 Bd7 20.Bh6 Rf7 21.Qd2 Qa4 
22.Nf2 Bb4 23.Qg5 Be7 24.Qg3 Kh8 25.Ng4 Re8 26.Rxc6 Bxc6 27.Qe5+ Kg8 28.
Bg7 Rxg7 29.Nh6+ Kh8 30.Nf7+ Kg8 31.Nh6+ Kh8 32.Nf7+ 1/2-1/2

[Event "South Island Championship 2017"]
[Site "Dunedin, NZL"]
[Date "2017.10.12"]
[Round "3.2"]
[White "Rains, Edward"]
[Black "Weng, Xintong (Winston)"]
[Result "1-0"]
[WhiteElo "2053"]
[BlackElo "1423"]
[EventDate "2017.10.12"]

1.e4 c5 2.Nc3 Nc6 3.f4 d6 4.Nf3 e6 5.Bb5 g6 6.O-O Ne7 7.d4 a6 8.Bxc6+ Nxc6
9.d5 exd5 10.exd5 Ne7 11.Re1 Bg7 12.h3 O-O 13.a4 b6 14.Ne2 Bb7 15.c4 Re8 
16.Nc3 Nf5 17.Ne4 Nd4 18.Bd2 Nxf3+ 19.Qxf3 Bxb2 20.Bc3 Bxa1 21.Bxa1 Kf8 
22.Re2 f5 23.Qc3 Rxe4 24.Qg7+ Ke8 25.Rxe4+ fxe4 26.Bf6 Qxf6 27.Qxf6 Bc8 
28.Qxd6 Ra7 29.Qb8 1-0

[Event "South Island Championship 2017"]
[Site "Dunedin, NZL"]
[Date "2017.10.12"]
[Round "3.5"]
[White "Murdoch, Stephen"]
[Black "Johnson, Quentin J F"]
[Result "0-1"]
[WhiteElo "1504"]
[BlackElo "2031"]
[EventDate "2017.10.12"]

1.d4 Nf6 2.Nf3 e6 3.e3 c5 4.b3 cxd4 5.exd4 Nc6 6.Bb2 Be7 7.Bd3 O-O 8.O-O 
Nb4 9.Be2 a6 10.a3 Nbd5 11.c4 Nf4 12.Nbd2 d6 13.Re1 Nxe2+ 14.Qxe2 b6 15.d5
e5 16.Rac1 Bg4 17.h3 Bd7 18.Kh2 Re8 19.Qe3 Nh5 20.g3 f5 21.Rg1 Rb8 22.Rg2 
Bf6 23.Bc3 Qc8 24.Qe2 g6 25.a4 b5 26.cxb5 axb5 27.a5 Qc5 28.b4 Qxd5 29.
Rgg1 e4 30.Ne1 Rbc8 31.Qe3 Bd4 32.Bxd4 Rxc1 33.a6 Rd1 34.a7 Ng7 35.Nb3 Ne6
36.Bb6 Rb1 37.Na5 Rxb4 38.Nc2 Rb2 39.Na3 Nc5 40.Rc1 Qd2 41.Qxd2 Rxd2 42.
Kg2 e3 0-1

[Event "South Island Championship 2017"]
[Site "Dunedin NZL"]
[Date "2017.10.12"]
[Round "3.6"]
[White "Picken, Oliver"]
[Black "Black, Ross"]
[Result "1-0"]
[WhiteElo "1949"]
[BlackElo "1790"]
[EventDate "2017.10.11"]

1.e4 Nc6 2.Nf3 d6 3.d4 Nf6 4.Nc3 Bd7 5.Bc4 e6 6.O-O Be7 7.Re1 O-O 8.e5 
dxe5 9.dxe5 Ne8 10.Re2 a6 11.Rd2 Nb8 12.Rd4 c5 13.Rg4 g6 14.Bh6 Ng7 15.Ne4
b5 16.Bd3 c4 17.Nf6+ Bxf6 18.exf6 Qxf6 19.Be4 Bc6 20.c3 Bxe4 21.Rxe4 Qf5 
22.Qd4 f6 23.Rae1 Nc6 24.Qd7 Ra7 25.Qxc6 Rd8 26.Bxg7 Kxg7 27.Qxe6 Qc5 28.
Nd4 Rd6 29.Qe8 Qd5 30.Ne6+ Rxe6 31.Rxe6 Rd7 32.Qxd7+ Qxd7 33.Re7+ 1-0

[Event "South Island Championship 2017"]
[Site "Dunedin NZL"]
[Date "2017.10.12"]
[Round "3.7"]
[White "Stevenson, Michael"]
[Black "Dolejs, Dan"]
[Result "0-1"]
[WhiteElo "1498"]
[BlackElo "1930"]
[EventDate "2017.10.11"]

1.d4 d5 2.c4 e6 3.Nf3 Nf6 4.Bg5 Nbd7 5.cxd5 exd5 6.e3 c6 7.Nbd2 Qa5 8.Qc2 
Bb4 9.a3 O-O 10.Bxf6 Nxf6 11.Bd3 Bg4 12.O-O Bd6 13.Bf5 Qc7 14.Qd3 g6 15.
Bxg4 Nxg4 16.g3 Rae8 17.Rfe1 f5 18.Rac1 a6 19.Kg2 h6 20.Nh4 Kg7 21.Kg1 Be7
22.Ng2 h5 23.Nf3 g5 24.Qe2 Kh6 25.Qd3 Nf6 26.Ne5 Ng4 27.Nxg4+ hxg4 28.Qb3 
Rd8 29.Qd3 Bd6 30.Qd2 Kg6 31.Qe2 Rh8 32.Rc3 Qh7 33.f4 gxf3 34.Qxf3 Qxh2+ 
35.Kf2 g4 36.Qxf5+ Kxf5 0-1

[Event "South Island Championship 2017"]
[Site "Dunedin NZL"]
[Date "2017.10.12"]
[Round "3.8"]
[White "Brockway, Andrew"]
[Black "Clarkson, Robert D"]
[Result "1-0"]
[WhiteElo "1899"]
[BlackElo "1631"]
[EventDate "2017.10.11"]

1.e4 c5 2.Nc3 Nc6 3.Bb5 e6 4.Bxc6 bxc6 5.f4 Ba6 6.d3 Nf6 7.Nf3 d6 8.O-O 
Be7 9.Qe1 Qc7 10.e5 Nd5 11.Bd2 Nxc3 12.Bxc3 d5 13.Qg3 Rg8 14.Qh3 h6 15.f5 
exf5 16.Qxf5 Bc8 17.Qf4 Be6 18.Qd2 a5 19.Qf2 g5 20.d4 c4 21.b3 Qd8 22.Nd2 
g4 23.g3 Rg7 24.bxc4 Qc7 25.c5 Kd7 26.Rab1 a4 27.Rb6 Rg5 28.Rfb1 Ra7 29.
Qe2 Bf5 30.Nf1 Be4 31.Nd2 Bxc2 32.R1b2 Bf5 33.Ra6 Rb7 34.Rbb6 Rg6 35.Qf1 
Ke8 36.Qxf5 Rg5 37.Ra8+ Bd8 38.Qh7 Kf8 39.Rxd8+ Qxd8 40.Rxb7 Rg7 41.Qh8+ 
Rg8 42.Qxh6+ Rg7 43.Qf6 Qc8 44.Qd6+ 1-0

[Event "South Island Championship 2017"]
[Site "Dunedin NZL"]
[Date "2017.10.12"]
[Round "3.9"]
[White "Gold, Hamish R"]
[Black "De Briey, Aurian"]
[Result "1-0"]
[WhiteElo "1756"]
[BlackElo "1540"]
[EventDate "2017.10.11"]

1.d4 d5 2.Nf3 Nf6 3.e3 Bf5 4.Nbd2 e6 5.c3 c5 6.Ne5 Nc6 7.Bb5 Rc8 8.g4 Bg6 
9.h4 h6 10.Nxg6 fxg6 11.Bd3 Ne7 12.Qa4+ Nd7 13.Qxa7 c4 14.Be2 Rc7 15.Qa4 
Nc6 16.Qc2 Qf6 17.e4 Be7 18.e5 Qf7 19.Rh3 O-O 20.Rf3 Qe8 21.Rxf8+ Qxf8 22.
Qxg6 Bxh4 23.Nf3 Bd8 24.Qxe6+ Qf7 25.Qxf7+ Kxf7 26.g5 h5 27.Bf4 Rc8 28.
O-O-O Be7 29.Nh4 g6 30.Bf3 Nb6 31.Bg2 Nd8 32.Be3 Ne6 33.f4 Rg8 34.Rf1 Ra8 
35.a3 Rh8 36.Kd2 Kg7 37.f5 gxf5 38.Nxf5+ Kf7 39.Nxe7+ Kxe7 40.Rf6 h4 41.
Bh3 Na4 42.Rxe6+ Kf7 43.Rf6+ Kg7 44.Kc2 Kg8 45.Be6+ Kg7 46.Bxd5 h3 47.Rh6 
Rxh6 48.gxh6+ 1-0

[Event "South Island Championship 2017"]
[Site "Dunedin NZL"]
[Date "2017.10.12"]
[Round "3.10"]
[White "Duffield, Terence"]
[Black "Sarfas, Edward"]
[Result "0-1"]
[WhiteElo "1820"]
[BlackElo "1843"]
[EventDate "2017.10.11"]

1.e4 e5 2.Nf3 Nc6 3.Bc4 Be7 4.O-O d6 5.d4 exd4 6.Nxd4 Ne5 7.Bb3 Nf6 8.Nc3 
O-O 9.f4 Ng6 10.Qd3 c6 11.Nf3 Qc7 12.Be3 Ng4 13.Rad1 Nxe3 14.Qxe3 Bg4 15.
h3 Bxf3 16.Qxf3 Bf6 17.g3 Rfe8 18.Rfe1 b5 19.Rd3 a5 20.a3 b4 21.Nd1 bxa3 
22.bxa3 a4 23.Ba2 Ra5 24.Ne3 Rc5 25.c4 Ra5 26.Nf5 Rxf5 27.exf5 Rxe1+ 28.
Kf2 Ra1 29.Qe2 Nf8 30.g4 Bh4+ 31.Kf3 Qb7 32.g5 c5+ 33.Kg4 Be1 34.Rxd6 Bc3 
35.Qd3 Bd4 36.Qe2 Qc7 37.Rd5 g6 38.fxg6 hxg6 39.Qc2 Qb6 40.Qxa4 Rxa2 41.
Qe8 Qe6+ 0-1

[Event "South Island Championship 2017"]
[Site "Dunedin, NZL"]
[Date "2017.10.12"]
[Round "4.1"]
[White "Punsalan, Vyanla M"]
[Black "Rains, Edward"]
[Result "1/2-1/2"]
[WhiteElo "1892"]
[BlackElo "2053"]
[EventDate "2017.10.12"]

1.e4 c5 2.c3 g6 3.Nf3 Bg7 4.Bc4 Nc6 5.O-O d6 6.Qe2 Nh6 7.h3 O-O 8.Rd1 e6 
9.d3 Kh8 10.Bg5 Qd7 11.Na3 a6 12.d4 cxd4 13.cxd4 b5 14.d5 exd5 15.Bxd5 Bb7
16.Rac1 Ng8 17.Bxc6 Bxc6 18.Bf4 Qb7 19.Bxd6 Rfe8 20.Ng5 Nh6 21.e5 Rac8 22.
Qd2 Bxg2 23.Rxc8 Rxc8 24.Bb4 Bh1 25.f4 Bc6 26.Kh2 Qb6 27.Ba5 Qa7 28.Nc2 
Nf5 29.Nb4 Ba8 30.Nc2 h6 31.Qd8+ Bf8 32.Nxf7+ Kg8 33.Nxh6+ Nxh6 34.Qd2 Nf5
35.Rg1 Kh7 36.Ne1 Bc5 37.Rg4 Qb7 38.Ng2 Be3 39.Qd3 Rc1 40.Be1 Bxf4+ 41.Kg1
Qa7+ 42.Kf1 Ng3+ 43.Rxg3 Bxg3 44.Qxg3 Qf7+ 45.Kg1 Bxg2 46.Kxg2 Qd5+ 47.Kh2
Rc2+ 48.Bf2 Qf7 49.Kg2 Rxb2 50.e6 Qxf2+ 51.Qxf2 Rxf2+ 52.Kxf2 Kg7 53.Ke3 
Kf6 54.Kd4 Kxe6 55.Kc5 g5 56.Kb6 Kd5 57.Kxa6 Kc6 58.a3 Kc5 59.Ka5 Kc6 60.
Ka6 Kc5 61.Ka5 1/2-1/2

[Event "South Island Championship 2017"]
[Site "Dunedin, NZL"]
[Date "2017.10.12"]
[Round "4.2"]
[White "Lukey, Stephen G"]
[Black "Picken, Oliver"]
[Result "1-0"]
[WhiteElo "2188"]
[BlackElo "1810"]
[EventDate "2017.10.12"]

1.d4 Nf6 2.Nf3 e6 3.c4 c5 4.d5 b5 5.Bg5 d6 6.dxe6 fxe6 7.cxb5 a6 8.e4 Be7 
9.e5 Nd5 10.Bxe7 Qxe7 11.exd6 Qxd6 12.Nc3 O-O 13.Bc4 Bb7 14.bxa6 Nxa6 15.
O-O Nac7 16.Qb3 Rab8 17.Ne4 Qf4 18.Rfe1 Ba6 19.Qc2 Bxc4 20.Qxc4 Rb4 21.Qc2
Qg4 22.Neg5 Rxf3 23.Qxh7+ Kf8 24.Qh8+ Ke7 25.Qxg7+ Rf7 26.Qxf7+ Kd6 27.
Qf8+ Kc6 28.Nf3 Kb7 29.h3 Qg6 30.Ne5 Qg5 31.Nd3 Rc4 32.Nxc5+ Kc6 33.Nxe6 
Nxe6 34.Rxe6+ Kb5 35.Qb8+ Ka5 36.Qa7+ Kb5 37.a4+ Kb4 38.Rb6+ 1-0